000 00293nam a2200133Ia 4500
008 191201s2013 xx 000 0 und d
100 _aCENGEL, Y A
245 0 _aFluid Mechanics
250 _aRep
260 _aN. Delhi
_bTMH
_c2013
300 _a980
650 _aB.Tech(ME)
942 _2ddc
_cBK
999 _c5627
_d5627